000 00304nam a22001337a 4500
008 170930b xxu||||| |||| 00| 0 eng d
020 _a9780312596330
041 _aeng
080 _a37
100 _a47
101 _aEDU
245 _aSPEAKER'S GUIDEBOOK TEXT AND REFERENCE
_cHAIR, D
942 _2udc
_cBK
999 _c30912
_d30912